[Event "Vojvodina-chT 2nd League"]
[Site "Backa Palanka"]
[Date "2020.10.22"]
[Round "10.2"]
[White "Stankovic, Milos"]
[Black "Perisic, Radivoj"]
[Result "1-0"]
[WhiteElo "2455"]
[BlackElo "2228"]
[PlyCount "65"]
[EventDate "2020.10.16"]
[EventType "team-tourn"]
[EventRounds "11"]
[EventCountry "SRB"]
[SourceTitle "EXT 2022"]
[Source "ChessBase"]
[SourceDate "2021.10.06"]
[SourceVersion "1"]
[SourceVersionDate "2021.10.06"]
[SourceQuality "1"]
[WhiteTeam "Pancevo Gligoric"]
[BlackTeam "Krajisnik Krajina"]
[WhiteTeamCountry "SRB"]
[BlackTeamCountry "SRB"]

1. d4 d6 2. e4 Nf6 3. Nc3 c6 4. Nf3 Bg4 5. h3 Bh5 6. Bd3 e6 7. Be3 d5 8. e5 Nfd7 9. Ne2 c5 10. c3 Nc6 11. Nf4 Bg6 12. Nxg6 hxg6 13. Ng5 cxd4 14. cxd4 Bb4+ 15. Kf1 Qe7 16. Qg4 Nf8 17. Rc1 Ba5 18. g3 Qd7 19. Kg2 Bb6 20. h4 Ne7 21. h5 gxh5 22. Rxh5 Rxh5 23. Qxh5 Neg6 24. Rc3 Bd8 25. Nh7 a6 26. Nxf8 Nxf8 27. Qh8 g6 28. Bb1 Rc8 29. Bh6 Be7 30. Rf3 Qb5 31. Qg8 Qxb2 32. Qxf7+ Kd7 33. Rb3 1-0

[Event "SRB-chT"]
[Site "Valjevo"]
[Date "2018.09.09"]
[Round "10.1"]
[White "Arsovic, Goran"]
[Black "Perisic, Radivoj"]
[Result "1-0"]
[WhiteElo "2369"]
[BlackElo "2243"]
[PlyCount "203"]
[EventDate "2018.08.31"]
[EventType "team-tourn"]
[EventRounds "11"]
[EventCountry "SRB"]
[SourceTitle "CBM 186 Extra"]
[Source "ChessBase"]
[SourceDate "2018.08.24"]
[SourceVersion "1"]
[SourceVersionDate "2018.08.24"]
[SourceQuality "1"]
[WhiteTeam "Valjevo Sveti Nikolaj"]
[BlackTeam "Krajisnik Krajina"]
[WhiteTeamCountry "SRB"]
[BlackTeamCountry "SRB"]

1. d4 Nf6 2. Nf3 b6 3. c4 e6 4. a3 Bb7 5. Nc3 d5 6. Bf4 Be7 7. e3 0-0 8. Qc2 c6 9. Bd3 Nbd7 10. cxd5 exd5 11. 0-0 Re8 12. Ne5 Nf8 13. h3 Ne6 14. Bg3 a6 15. b4 Rc8 16. Rab1 g6 17. a4 Nh5 18. Bh2 Bd6 19. a5 b5 20. Qd2 Rc7 21. Ne2 f6 22. Nf3 Bxh2+ 23. Kxh2 Ng5 24. Nxg5 fxg5 25. Ng1 Qd6+ 26. Kh1 Nf6 27. Nf3 g4 28. Ne5 gxh3 29. f4 Bc8 30. Rg1 h2 31. Rgf1 Bf5 32. Kxh2 Bxd3 33. Qxd3 Ne4 34. Rf3 Rf8 35. Rb2 Rf6 36. Kg1 Kg7 37. Qf1 Qe7 38. Qe1 Nd6 39. Rbf2 Ne4 40. Rc2 Re6 41. g4 Nf6 42. Rg2 Rc8 43. f5 Rxe5 44. dxe5 Qxe5 45. g5 Ne4 46. Qh4 Kg8 47. Rh2 Qg7 48. f6 Qf7 49. Qg4 Re8 50. Rxh7 Qxh7 51. f7+ Qxf7 52. Rxf7 Kxf7 53. Qd7+ Re7 54. Qxc6 Re6 55. Qd7+ Re7 56. Qxd5+ Re6 57. Qd7+ Re7 58. Qc6 Re6 59. Qb7+ Ke8 60. Qc8+ Ke7 61. Kf1 Nxg5 62. Qc7+ Ke8 63. Qc8+ Ke7 64. Qc5+ Kf6 65. Ke2 Ne4 66. Qf8+ Ke5 67. Qf4+ Kd5 68. Kd3 Kc6 69. Qf7 Kd6 70. Qa7 Ke5 71. Qg7+ Kf5 72. Qf8+ Ke5 73. Qf4+ Kd5 74. Qc7 Nf2+ 75. Ke2 Ne4 76. Qb7+ Ke5 77. Qc7+ Kf6 78. Kd3 g5 79. Qh7 Nf2+ 80. Kd4 Ne4 81. Qh6+ Kf7 82. Qh7+ Kf6 83. Qh8+ Kf7 84. Qh5+ Kf6 85. Qf3+ Ke7 86. Qf5 Kd6 87. Qf8+ Kd7 88. Qg7+ Re7 89. Qg8 Kc7 90. Qf8 Kd7 91. Qf5+ Re6 92. Qh7+ Re7 93. Qh8 Re6 94. Qg8 Ke7 95. Qg7+ Kd8 96. Kd5 Re7 97. Qf8+ Kd7 98. Qh8 g4 99. Qh6 g3 100. Qxa6 Nc3+ 101. Kd4 g2 102. Qb7+ 1-0

[Event "SRB-chT"]
[Site "Valjevo"]
[Date "2018.09.08"]
[Round "9.1"]
[White "Perisic, Radivoj"]
[Black "Todorovic, Goran M"]
[Result "0-1"]
[WhiteElo "2243"]
[BlackElo "2436"]
[PlyCount "72"]
[EventDate "2018.08.31"]
[EventType "team-tourn"]
[EventRounds "11"]
[EventCountry "SRB"]
[SourceTitle "CBM 186 Extra"]
[Source "ChessBase"]
[SourceDate "2018.08.24"]
[SourceVersion "1"]
[SourceVersionDate "2018.08.24"]
[SourceQuality "1"]
[WhiteTeam "Krajisnik Krajina"]
[BlackTeam "Ruma Sloven"]
[WhiteTeamCountry "SRB"]
[BlackTeamCountry "SRB"]

1. e4 e5 2. Nf3 Nc6 3. Bb5 a6 4. Bxc6 dxc6 5. 0-0 Bg4 6. h3 Bh5 7. d3 f6 8. Be3 Bd6 9. Nbd2 Ne7 10. c4 c5 11. b4 Nc6 12. bxc5 Be7 13. Qb3 0-0 14. Rfd1 Qd7 15. g4 Bf7 16. Nf1 h5 17. N1h2 Rab8 18. Kh1 hxg4 19. hxg4 g6 20. Qb2 Kg7 21. d4 Rh8 22. Rg1 exd4 23. Nxd4 Ne5 24. f3 Nxc4 25. Qf2 Nxe3 26. Qxe3 Bxc5 27. Ne6+ Qxe6 28. Qxc5 Qc4 29. Qf2 Qe6 30. a4 Rbd8 31. Rac1 Qe5 32. Rg2 Qf4 33. Re1 Rd3 34. Kg1 g5 35. Qb2 Rxh2 36. Rxh2 Qg3+ 0-1

[Event "SRB-chT"]
[Site "Valjevo"]
[Date "2018.09.03"]
[Round "4.1"]
[White "Kojovic, Dragan"]
[Black "Perisic, Radivoj"]
[Result "1/2-1/2"]
[WhiteElo "2384"]
[BlackElo "2243"]
[PlyCount "135"]
[EventDate "2018.08.31"]
[EventType "team-tourn"]
[EventRounds "11"]
[EventCountry "SRB"]
[SourceTitle "CBM 186 Extra"]
[Source "ChessBase"]
[SourceDate "2018.08.24"]
[SourceVersion "1"]
[SourceVersionDate "2018.08.24"]
[SourceQuality "1"]
[WhiteTeam "Gornji Milanovac Metalac"]
[BlackTeam "Krajisnik Krajina"]
[WhiteTeamCountry "SRB"]
[BlackTeamCountry "SRB"]

1. d4 Nf6 2. c4 e6 3. Nc3 Bb4 4. f3 c5 5. a3 Bxc3+ 6. bxc3 d6 7. e4 e5 8. Bd3 Nc6 9. d5 Ne7 10. Ne2 Qc7 11. 0-0 Ng6 12. Bg5 Ng8 13. Bc2 h6 14. Ba4+ Bd7 15. Be3 N8e7 16. Qc2 Bxa4 17. Qxa4+ Qd7 18. Qc2 f5 19. f4 0-0 20. Ng3 exf4 21. Bxf4 fxe4 22. Qxe4 Nxf4 23. Rxf4 Rxf4 24. Qxf4 Rf8 25. Qe4 Rf7 26. Re1 Nf5 27. Qe8+ Qxe8 28. Rxe8+ Kh7 29. Nxf5 Rxf5 30. Re7 Rf4 31. Rxb7 Rxc4 32. Rxa7 Rxc3 33. Ra6 Rd3 34. Rxd6 Rxa3 35. Rc6 Ra5 36. Kf2 c4 37. d6 Rd5 38. Ke3 c3 39. Ke4 Rd2 40. Ke5 c2 41. Ke6 Rxg2 42. Ke7 Re2+ 43. Kd8 Rxh2 44. d7 Rd2 45. Kc8 h5 46. d8Q Rxd8+ 47. Kxd8 c1Q 48. Rxc1 Kg6 49. Kd7 Kf5 50. Rf1+ Kg4 51. Rg1+ Kf4 52. Rf1+ Kg4 53. Ke6 h4 54. Rg1+ Kf4 55. Rh1 g5 56. Kf6 g4 57. Rxh4 Kf3 58. Kg5 g3 59. Rf4+ Ke3 60. Rg4 Kf2 61. Rf4+ Ke3 62. Rg4 Kf2 63. Rb4 g2 64. Rb2+ Kg3 65. Rb3+ Kf2 66. Kf4 g1Q 67. Rb2+ Ke1 68. Rb1+ 1/2-1/2

[Event "SRB-chT"]
[Site "Valjevo"]
[Date "2018.09.02"]
[Round "3.1"]
[White "Perisic, Radivoj"]
[Black "Saric, Sinisa"]
[Result "0-1"]
[WhiteElo "2243"]
[BlackElo "2399"]
[PlyCount "66"]
[EventDate "2018.08.31"]
[EventType "team-tourn"]
[EventRounds "11"]
[EventCountry "SRB"]
[SourceTitle "CBM 186 Extra"]
[Source "ChessBase"]
[SourceDate "2018.08.24"]
[SourceVersion "1"]
[SourceVersionDate "2018.08.24"]
[SourceQuality "1"]
[WhiteTeam "Krajisnik Krajina"]
[BlackTeam "Novi Sad"]
[WhiteTeamCountry "SRB"]
[BlackTeamCountry "SRB"]

1. e4 e5 2. Nf3 d6 3. d4 exd4 4. Qxd4 a6 5. Bg5 Nc6 6. Qd2 Be7 7. Bf4 Nf6 8. Nc3 0-0 9. 0-0-0 b5 10. Nd4 Nxd4 11. Qxd4 c5 12. Qe3 b4 13. Nd5 Nxd5 14. exd5 Bd7 15. Bc4 Bb5 16. Qd3 Bg5 17. Bd2 Bxd2+ 18. Rxd2 Qh4 19. b3 Bxc4 20. bxc4 Rae8 21. g3 Qe4 22. f3 Qe5 23. Kb1 Re7 24. Rf1 Rfe8 25. f4 Qf6 26. Qb3 Re3 27. Rd3 Re1+ 28. Rd1 R1e2 29. Qa4 Qc3 30. Qb3 R8e3 31. f5 Qf6 32. Qa4 Ra3 33. Qc6 h6 0-1

[Event "SRB-chT"]
[Site "Valjevo"]
[Date "2018.09.01"]
[Round "2.1"]
[White "Cabarkapa, Novak"]
[Black "Perisic, Radivoj"]
[Result "1/2-1/2"]
[WhiteElo "2451"]
[BlackElo "2243"]
[PlyCount "75"]
[EventDate "2018.08.31"]
[EventType "team-tourn"]
[EventRounds "11"]
[EventCountry "SRB"]
[SourceTitle "CBM 186 Extra"]
[Source "ChessBase"]
[SourceDate "2018.08.24"]
[SourceVersion "1"]
[SourceVersionDate "2018.08.24"]
[SourceQuality "1"]
[WhiteTeam "Subotica Spartak"]
[BlackTeam "Krajisnik Krajina"]
[WhiteTeamCountry "SRB"]
[BlackTeamCountry "SRB"]

1. e4 c5 2. Nf3 Nc6 3. d4 cxd4 4. Nxd4 Nf6 5. Nc3 d6 6. Bg5 Bd7 7. Be2 a6 8. Bxf6 gxf6 9. Nf5 Qa5 10. 0-0 Bxf5 11. exf5 Bh6 12. Nd5 Rc8 13. c3 0-0 14. b4 Qd8 15. Qd3 e6 16. fxe6 fxe6 17. Qh3 exd5 18. Qxh6 Ne5 19. f4 Qb6+ 20. Kh1 Qe3 21. Bf3 Nxf3 22. Rxf3 Qe7 23. Rd1 d4 24. cxd4 Rc2 25. Rg3+ Kh8 26. Re3 Qg7 27. Qxg7+ Kxg7 28. a3 Rfc8 29. h3 Kf7 30. f5 Rf2 31. Rde1 Rc7 32. Rf3 Rxf3 33. gxf3 Rc3 34. Re6 Rxf3 35. Rxd6 Rxh3+ 36. Kg2 Rxa3 37. Rd7+ Ke8 38. Rxb7 1/2-1/2

[Event "SRB-ch sf"]
[Site "Zrenjanin"]
[Date "2018.02.17"]
[Round "3"]
[White "Perisic, Radivoj"]
[Black "Djordjevic, Lazar"]
[Result "1/2-1/2"]
[WhiteElo "2269"]
[BlackElo "1855"]
[PlyCount "89"]
[EventDate "2018.02.16"]
[EventType "swiss"]
[EventRounds "9"]
[EventCountry "SRB"]
[SourceTitle "CBM 183 Extra"]
[Source "ChessBase"]
[SourceDate "2018.04.19"]
[SourceVersion "1"]
[SourceVersionDate "2018.04.19"]
[SourceQuality "1"]

1. e4 c5 2. Nf3 e6 3. d4 cxd4 4. Nxd4 Qb6 5. Nb3 a6 6. Be3 Qc7 7. Nc3 Nf6 8. Bd3 Bb4 9. 0-0 0-0 10. Na4 Nc6 11. Nb6 Rb8 12. f4 Na5 13. c3 Nxb3 14. cxb4 Nxa1 15. e5 Nd5 16. Nxd5 exd5 17. Bc5 Qd8 18. Bd6 b5 19. Qh5 g6 20. Qh6 f5 21. Rxa1 Rb6 22. Qxf8+ Qxf8 23. Bxf8 Kxf8 24. Rc1 Bb7 25. Kf2 Ke7 26. h3 Rc6 27. Rxc6 Bxc6 28. Ke3 d6 29. Kd4 h5 30. g3 Ke6 31. Be2 Be8 32. a4 Bc6 33. a5 Be8 34. Bf3 Bc6 35. exd6 Kxd6 36. Bg2 Bb7 37. Bf1 Bc8 38. Bg2 Be6 39. Bf3 Bf7 40. Ke3 Be6 41. Be2 Bf7 42. Bd3 Be6 43. Bc2 Bf7 44. Kd4 Be8 45. Bb3 1/2-1/2

[Event "SRB-ch sf"]
[Site "Zrenjanin"]
[Date "2018.02.16"]
[Round "1"]
[White "Perisic, Radivoj"]
[Black "Savic, Miodrag R"]
[Result "0-1"]
[WhiteElo "2269"]
[BlackElo "2505"]
[PlyCount "102"]
[EventDate "2018.02.16"]
[EventType "swiss"]
[EventRounds "9"]
[EventCountry "SRB"]
[SourceTitle "CBM 183 Extra"]
[Source "ChessBase"]
[SourceDate "2018.04.19"]
[SourceVersion "1"]
[SourceVersionDate "2018.04.19"]
[SourceQuality "1"]

1. d4 Nf6 2. Nf3 e6 3. c4 Bb4+ 4. Bd2 a5 5. Nc3 b6 6. g3 Bb7 7. Bg2 0-0 8. 0-0 d6 9. b3 Nbd7 10. a3 Bxc3 11. Bxc3 Qb8 12. b4 axb4 13. axb4 b5 14. c5 Be4 15. Qb3 Qb7 16. Bd2 h6 17. Rfc1 Rxa1 18. Rxa1 Ra8 19. Qb2 Ra6 20. Rxa6 Qxa6 21. Ne1 Bxg2 22. Kxg2 Qa8+ 23. f3 Qd5 24. Nd3 Nb8 25. e4 Qa8 26. Nf2 Nc6 27. d5 exd5 28. Bxh6 Ne5 29. cxd6 cxd6 30. Bf4 dxe4 31. fxe4 Neg4 32. Nxg4 Qxe4+ 33. Kh3 Qe6 34. Kg2 Qd5+ 35. Kh3 Qh5+ 36. Kg2 Nxg4 37. Qd4 Qxh2+ 38. Kf3 Ne5+ 39. Bxe5 Qh5+ 40. Ke4 Qe2+ 41. Kf4 dxe5+ 42. Qxe5 Qxe5+ 43. Kxe5 Kh7 44. g4 Kg6 45. Kd5 f5 46. gxf5+ Kxf5 47. Kc5 g5 48. Kxb5 g4 49. Kc6 g3 50. b5 g2 51. b6 g1Q 0-1

[Event "Vojvodina-chT"]
[Site "Novi Sad"]
[Date "2017.11.18"]
[Round "8.6"]
[White "Perisic, Radivoj"]
[Black "Gabric, Goran"]
[Result "0-1"]
[WhiteElo "2281"]
[BlackElo "2252"]
[PlyCount "76"]
[EventDate "2017.11.13"]
[EventType "team-tourn"]
[EventRounds "11"]
[EventCountry "SRB"]
[SourceTitle "CBM 181 Extra"]
[Source "ChessBase"]
[SourceDate "2017.12.12"]
[SourceVersion "1"]
[SourceVersionDate "2017.12.12"]
[SourceQuality "1"]
[WhiteTeam "Krajisnik Krajina"]
[BlackTeam "Subotica Spartak"]
[WhiteTeamCountry "SRB"]
[BlackTeamCountry "SRB"]

1. e4 e5 2. Nf3 Nc6 3. Bb5 a6 4. Bxc6 dxc6 5. 0-0 Qf6 6. d4 exd4 7. Bg5 Qg6 8. Qxd4 Be6 9. Bf4 Rd8 10. Qe3 Bd6 11. Nbd2 Nf6 12. Bxd6 cxd6 13. Nd4 0-0 14. Nxe6 fxe6 15. Qb3 Nxe4 16. Nxe4 Qxe4 17. Rae1 Qd5 18. Rxe6 Qxb3 19. axb3 Rfe8 20. Rfe1 Rxe6 21. Rxe6 Kf7 22. Re3 d5 23. Kf1 Rd6 24. Ke2 Re6 25. f4 d4 26. Rxe6 Kxe6 27. Kf3 Kd5 28. b4 b6 29. g4 a5 30. bxa5 bxa5 31. h4 a4 32. g5 c5 33. h5 c4 34. f5 c3 35. bxc3 dxc3 36. f6 Ke6 37. g6 hxg6 38. fxg7 Kf7 0-1

[Event "Vojvodina-chT"]
[Site "Kac"]
[Date "2016.11.22"]
[Round "11.3"]
[White "Mandic, Milenko"]
[Black "Perisic, Radivoj"]
[Result "0-1"]
[WhiteElo "1894"]
[BlackElo "2276"]
[PlyCount "122"]
[EventDate "2016.11.15"]
[EventType "team-tourn"]
[EventRounds "11"]
[EventCountry "SRB"]
[SourceTitle "CBM 175 Extra"]
[Source "ChessBase"]
[SourceDate "2016.12.12"]
[SourceVersion "1"]
[SourceVersionDate "2016.12.12"]
[SourceQuality "1"]
[WhiteTeam "Sloga"]
[BlackTeam "Krajisnik Krajina"]
[WhiteTeamCountry "SRB"]
[BlackTeamCountry "SRB"]

1. d4 Nf6 2. c3 g6 3. Bf4 Bg7 4. e3 d6 5. Nf3 0-0 6. Nbd2 c5 7. dxc5 dxc5 8. Nb3 b6 9. Qxd8 Rxd8 10. Bb5 Bb7 11. 0-0 Nd5 12. Rfd1 Rc8 13. Be5 Nxe3 14. Rd3 Bxf3 15. Rxe3 Bxe5 16. Rxe5 Bc6 17. a4 e6 18. Rd1 a6 19. Bxc6 Nxc6 20. Re2 Rd8 21. Red2 Rxd2 22. Rxd2 c4 23. Rd6 Rd8 24. Rxd8+ Nxd8 25. Nd2 b5 26. axb5 axb5 27. f4 Kf8 28. Kf2 Ke7 29. Ke3 Nc6 30. g4 h6 31. g5 hxg5 32. fxg5 Kd6 33. Ke4 Ne5 34. Kd4 Nd7 35. Ne4+ Kc6 36. Nd2 e5+ 37. Ke4 Kd6 38. Nb1 Nc5+ 39. Ke3 Na4 40. Na3 Nxb2 41. Ke4 Kc5 42. Kxe5 Nd1 43. Nb1 Nf2 44. Kf6 Ne4+ 45. Kxf7 Nxc3 46. Nd2 b4 47. Kxg6 Nd5 48. Kf5 c3 49. Nb3+ Kc4 50. Na5+ Kd3 51. Ke5 Ne7 52. Kf6 Ng8+ 53. Kf7 c2 54. Nb3 Kc3 55. Nc1 b3 56. Ne2+ Kd2 57. Nd4 b2 58. Ne2 b1Q 59. Kxg8 Qb8+ 60. Kg7 Qc7+ 61. Kh6 Qxh2+ 0-1

[Event "Vojvodina-chT"]
[Site "Kac"]
[Date "2016.11.21"]
[Round "10.4"]
[White "Vincilov, Dusan"]
[Black "Perisic, Radivoj"]
[Result "0-1"]
[WhiteElo "2277"]
[BlackElo "2276"]
[PlyCount "92"]
[EventDate "2016.11.15"]
[EventType "team-tourn"]
[EventRounds "11"]
[EventCountry "SRB"]
[SourceTitle "CBM 175 Extra"]
[Source "ChessBase"]
[SourceDate "2016.12.12"]
[SourceVersion "1"]
[SourceVersionDate "2016.12.12"]
[SourceQuality "1"]
[WhiteTeam "Bilecanin"]
[BlackTeam "Krajisnik Krajina"]
[WhiteTeamCountry "SRB"]
[BlackTeamCountry "SRB"]

1. d4 Nf6 2. Nf3 g6 3. c4 Bg7 4. Nc3 0-0 5. e4 d6 6. h3 c5 7. d5 b5 8. cxb5 a6 9. b6 Qxb6 10. Bd3 a5 11. 0-0 Ba6 12. Ne1 Nbd7 13. Qc2 Rab8 14. Be3 Ne5 15. Na4 Qb7 16. Bxa6 Qxa6 17. Rb1 Rb4 18. f3 Rfb8 19. Bd2 R4b7 20. Rc1 Nh5 21. f4 Ng3 22. Rf2 Nd7 23. Kh2 Ne2 24. Rb1 Bd4 25. Rf1 Nc1 26. Rxc1 Qxf1 27. Nd3 Qe2 28. Re1 Qh5 29. g4 Qh6 30. Bxa5 Qg7 31. b3 Ra8 32. Bd2 h6 33. Re2 Nb6 34. Ndb2 Nxa4 35. Nxa4 g5 36. e5 dxe5 37. fxg5 hxg5 38. Qf5 Qf6 39. Qd3 Qf1 40. Be3 Qf3 41. Nc3 Bxc3 42. Rf2 Rxa2 43. Rxa2 Bd4 44. Re2 Rxb3 45. Qa6 Bxe3 46. Ra2 Bf4+ 0-1

[Event "Vojvodina-chT"]
[Site "Kac"]
[Date "2016.11.19"]
[Round "7.4"]
[White "Perisic, Radivoj"]
[Black "Radlovacki, Jovan"]
[Result "0-1"]
[WhiteElo "2276"]
[BlackElo "2328"]
[PlyCount "82"]
[EventDate "2016.11.15"]
[EventType "team-tourn"]
[EventRounds "11"]
[EventCountry "SRB"]
[SourceTitle "CBM 175 Extra"]
[Source "ChessBase"]
[SourceDate "2016.12.12"]
[SourceVersion "1"]
[SourceVersionDate "2016.12.12"]
[SourceQuality "1"]
[WhiteTeam "Krajisnik Krajina"]
[BlackTeam "Omladinac"]
[WhiteTeamCountry "SRB"]
[BlackTeamCountry "SRB"]

1. e4 c6 2. d4 d5 3. exd5 cxd5 4. c4 Nf6 5. Nc3 Nc6 6. Bg5 Be6 7. Nf3 Ne4 8. Be2 Nxc3 9. bxc3 dxc4 10. Rb1 Na5 11. 0-0 f6 12. Bf4 Bd5 13. Nd2 Kf7 14. Re1 g6 15. Bf3 e6 16. Rb5 a6 17. Rb2 Ba3 18. Rc2 Qd7 19. Ne4 Rhe8 20. Bh6 Nc6 21. h4 Ne7 22. g4 Ng8 23. Qd2 Qd8 24. Bf4 Be7 25. Qe3 Qd7 26. Rce2 Kg7 27. Kg2 Rad8 28. g5 e5 29. dxe5 fxg5 30. hxg5 Qf5 31. Kg3 Be6 32. Rh1 Rd3 33. Rh4 Rxe3 34. fxe3 h5 35. Nf6 Nxf6 36. gxf6+ Bxf6 37. exf6+ Qxf6 38. Rhh2 g5 39. Bc7 Bg4 40. Bxg4 hxg4 41. Rhf2 Qe7 0-1

[Event "Vojvodina-chT"]
[Site "Kac"]
[Date "2016.11.19"]
[Round "6.4"]
[White "Rajin, Milan"]
[Black "Perisic, Radivoj"]
[Result "0-1"]
[WhiteElo "1995"]
[BlackElo "2276"]
[PlyCount "98"]
[EventDate "2016.11.15"]
[EventType "team-tourn"]
[EventRounds "11"]
[EventCountry "SRB"]
[SourceTitle "CBM 175 Extra"]
[Source "ChessBase"]
[SourceDate "2016.12.12"]
[SourceVersion "1"]
[SourceVersionDate "2016.12.12"]
[SourceQuality "1"]
[WhiteTeam "Bora Ivkov"]
[BlackTeam "Krajisnik Krajina"]
[WhiteTeamCountry "SRB"]
[BlackTeamCountry "SRB"]

1. d4 Nf6 2. e3 c5 3. c3 b6 4. Bd3 Bb7 5. Nf3 g6 6. 0-0 Bg7 7. Ng5 Nc6 8. f4 e6 9. Nd2 Qc7 10. Nc4 d6 11. Qe2 b5 12. Nd2 a6 13. Nde4 cxd4 14. cxd4 Nd5 15. Bd2 h6 16. Nh3 f5 17. Nc3 Nf6 18. Rac1 Qb6 19. Bc2 Na5 20. b4 Nc4 21. Bb3 Rc8 22. a4 Bd5 23. Nxd5 exd5 24. a5 Qa7 25. Nf2 h5 26. Nh3 Ne4 27. Be1 Bf6 28. Qf3 Qe7 29. Rc2 Kf7 30. Qe2 Kg7 31. Nf2 Rhe8 32. Nd1 Rc7 33. Rf3 Bh4 34. g3 Bf6 35. Kg2 h4 36. Bxc4 dxc4 37. Nc3 Nxc3 38. Bxc3 Qe4 39. Rc1 hxg3 40. hxg3 Rh8 41. Rg1 Kf8 42. Rh1 Rch7 43. Rxh7 Rxh7 44. Be1 Ke7 45. Bc3 Ke6 46. Be1 Bxd4 47. Qd2 Bf6 48. Qc1 c3 49. Bxc3 Rc7 0-1

[Event "Vojvodina-chT"]
[Site "Kac"]
[Date "2016.11.18"]
[Round "5.4"]
[White "Kecskemeti, Arpad"]
[Black "Perisic, Radivoj"]
[Result "1/2-1/2"]
[WhiteElo "2216"]
[BlackElo "2276"]
[PlyCount "101"]
[EventDate "2016.11.15"]
[EventType "team-tourn"]
[EventRounds "11"]
[EventCountry "SRB"]
[SourceTitle "CBM 175 Extra"]
[Source "ChessBase"]
[SourceDate "2016.12.12"]
[SourceVersion "1"]
[SourceVersionDate "2016.12.12"]
[SourceQuality "1"]
[WhiteTeam "Senta"]
[BlackTeam "Krajisnik Krajina"]
[WhiteTeamCountry "SRB"]
[BlackTeamCountry "SRB"]

1. e4 c5 2. Nf3 e6 3. d4 cxd4 4. Nxd4 Nf6 5. Nc3 d6 6. Be3 Be7 7. Bd3 0-0 8. 0-0 Nc6 9. f4 e5 10. Nf5 Bxf5 11. exf5 Re8 12. Kh1 Qa5 13. Bc4 exf4 14. Bxf4 Qb4 15. Bb3 Rad8 16. Nd5 Nxd5 17. Qxd5 Rf8 18. Rad1 Rd7 19. Rd3 Qb6 20. c3 Bf6 21. Qf3 Ne5 22. Bxe5 Bxe5 23. f6 Bxf6 24. Qg4 Qd8 25. Rdf3 Be5 26. a4 a5 27. Bd5 Rc7 28. c4 Bxb2 29. Rb3 Be5 30. Bxb7 g6 31. Bd5 Kg7 32. Rfb1 h5 33. Qf3 Qh4 34. g3 Qf6 35. Qxf6+ Kxf6 36. Rb7 Rxb7 37. Rxb7 g5 38. Rb6 Kf5 39. Ra6 h4 40. Rxa5 Kg4 41. gxh4 gxh4 42. Ra7 f5 43. Ra8 Rxa8 44. Bxa8 h3 45. Kg1 Bd4+ 46. Kf1 f4 47. Bc6 f3 48. Bd7+ Kh4 49. a5 Be5 50. a6 Bd4 51. Be6 1/2-1/2

[Event "Vojvodina-chT"]
[Site "Kac"]
[Date "2016.11.17"]
[Round "3.4"]
[White "Zegarac, Vuk"]
[Black "Perisic, Radivoj"]
[Result "0-1"]
[WhiteElo "2233"]
[BlackElo "2276"]
[PlyCount "94"]
[EventDate "2016.11.15"]
[EventType "team-tourn"]
[EventRounds "11"]
[EventCountry "SRB"]
[SourceTitle "CBM 175 Extra"]
[Source "ChessBase"]
[SourceDate "2016.12.12"]
[SourceVersion "1"]
[SourceVersionDate "2016.12.12"]
[SourceQuality "1"]
[WhiteTeam "Banovci Dunav"]
[BlackTeam "Krajisnik Krajina"]
[WhiteTeamCountry "SRB"]
[BlackTeamCountry "SRB"]

1. d4 Nf6 2. Nc3 d5 3. Bg5 h6 4. Bh4 Bf5 5. e3 e6 6. Bd3 c6 7. Bxf5 exf5 8. Qf3 g6 9. h3 Be7 10. Nge2 Ne4 11. Bxe7 Qxe7 12. 0-0-0 Nd7 13. g4 fxg4 14. hxg4 Qf6 15. Qxf6 Ndxf6 16. Nxe4 Nxe4 17. Rh2 Kf8 18. Rdh1 Kg7 19. Nf4 Rae8 20. Nd3 Nf6 21. Ne5 Rxe5 22. dxe5 Nxg4 23. Rg2 Nxe5 24. b3 Nf3 25. Rg3 Ng5 26. f3 Kf6 27. Kd2 h5 28. Ke2 Ne6 29. Kf2 Re8 30. Re1 a5 31. c4 a4 32. cxd5 cxd5 33. Rd1 axb3 34. axb3 Rc8 35. Rxd5 Rc2+ 36. Kf1 Rc3 37. Rb5 Rxe3 38. Rxb7 Nd4 39. b4 Rb3 40. Kf2 g5 41. Rb6+ Kf5 42. Rh3 h4 43. b5 f6 44. Rb8 Kf4 45. b6 Rb2+ 46. Kf1 Nxf3 47. b7 Kg4 0-1

[Event "Vojvodina-ch 6th"]
[Site "Novi Sad"]
[Date "2015.07.27"]
[Round "5"]
[White "Perisic, Radivoj"]
[Black "Injac, Teodora"]
[Result "1/2-1/2"]
[WhiteElo "2337"]
[BlackElo "2165"]
[PlyCount "75"]
[EventDate "2015.07.25"]
[EventType "swiss"]
[EventRounds "9"]
[EventCountry "YUG"]
[SourceTitle "CBM 167 Extra"]
[Source "ChessBase"]
[SourceDate "2015.09.14"]
[SourceVersion "1"]
[SourceVersionDate "2015.09.14"]
[SourceQuality "1"]

1. e4 e6 2. d4 d5 3. Nc3 Nf6 4. Bg5 dxe4 5. Bxf6 gxf6 6. Nxe4 f5 7. Nc3 a6 8. g3 Bg7 9. Nf3 b5 10. Bg2 Bb7 11. 0-0 Qd6 12. a4 b4 13. Ne2 Nd7 14. Nf4 Nf6 15. Re1 0-0 16. Qe2 Rad8 17. Red1 c5 18. dxc5 Qxc5 19. Nd3 Qb6 20. a5 Qb5 21. Nfe5 Ne4 22. f4 Rc8 23. Bf3 Rc7 24. Rac1 Qxa5 25. Kg2 Qb5 26. Re1 Rfc8 27. Nf2 Qxe2 28. Rxe2 Nxf2 29. Bxb7 Rxb7 30. Kxf2 Bxe5 31. Rxe5 Rbc7 32. Re2 Kg7 33. Ke3 Kf6 34. Kd3 Rd8+ 35. Ke3 Rdc8 36. Kd3 Rd8+ 37. Ke3 Rdc8 38. Kd3 1/2-1/2

[Event "Vojvodina-chT"]
[Site "Kac"]
[Date "2014.11.14"]
[Round "10.3"]
[White "Zobenica, Ivan"]
[Black "Perisic, Radivoj"]
[Result "0-1"]
[WhiteElo "2106"]
[BlackElo "2323"]
[PlyCount "90"]
[EventDate "2014.11.08"]
[EventType "team-tourn"]
[EventRounds "11"]
[EventCountry "SRB"]
[SourceTitle "EXT 2017"]
[Source "ChessBase"]
[SourceDate "2016.10.25"]
[SourceVersion "1"]
[SourceVersionDate "2016.10.25"]
[SourceQuality "1"]

1. e4 c5 2. Nf3 d6 3. Bb5+ Nd7 4. 0-0 Ngf6 5. Re1 a6 6. Bxd7+ Nxd7 7. d4 g6 8. Nc3 Bg7 9. Bg5 h6 10. Be3 b5 11. e5 b4 12. Nd5 0-0 13. exd6 exd6 14. Bf4 Bb7 15. Ne7+ Kh7 16. Bxd6 Qb6 17. dxc5 Nxc5 18. Be5 Rad8 19. Qe2 Ne4 20. c4 bxc3 21. bxc3 Bxe5 22. Nxe5 Rfe8 23. Rab1 Qc7 24. Rxb7 Qxb7 25. N7c6 Rd5 26. Qc4 Rdxe5 27. Nxe5 Rxe5 28. Qd4 Re6 29. h4 Qe7 30. g3 Nf6 31. Rb1 Re1+ 32. Rxe1 Qxe1+ 33. Kg2 Qe4+ 34. Qxe4 Nxe4 35. c4 Kg7 36. f3 Nc3 37. a3 Nb1 38. a4 Kf6 39. Kf2 Na3 40. c5 Ke5 41. Ke3 Kd5 42. Kf4 Nc4 43. g4 Kxc5 44. h5 Kb4 45. g5 hxg5+ 0-1